Batman Villans - Statistics

General Stats
  • This quiz has been taken 324 times
    301 since last reset
  • The average score is 21 of 32
Answer Stats
Hint Answer % Correct
Clown Prince of Crime The Joker
99%
Harvey Dent Two-Face
93%
Harleen Quinzel Harley Quinn
91%
Oswald Chesterfield Cobblepot Penguin
91%
Selina Kyle Catwoman
89%
Venom Strong Man Bane
88%
Jonathan Crane Scarecrow
87%
Slade Wilson Deathstroke
82%
Pamela Lillian Isley Poison Ivy
82%
Victor Fries Mr Freeze
81%
Edward Nigma/Nashton The Riddler
81%
Jason Todd Red Hood
78%
Floyd Lawton Deadshot
76%
Waylon Jones Killer Croc
75%
Head of The Demon Ra's Al Ghul
74%
Basil Karlo Clayface
71%
Roman Sionis Black Mask
66%
Dr. Strange Hugo Strange
64%
Dr. Thomas Elliot Hush
64%
Robert Kirkland Langstrom Man-Bat
63%
Jervis Tetch Mad Hatter
62%
Julian Gregory Day Calendar Man
58%
Garfield Lynns Firefly
56%
Victor Zsasz Zsasz
52%
Cyrus Gold Solomon Grundy
43%
Lazlo Valentin Professor Pyg
36%
Otis Flannegan Ratcatcher
29%
Jean-Paul Valley Azrael
28%
Warren White Great White Shark
28%
Arnold Wesker Ventriloquist
27%
Lonnie Machin Anarky
23%
Sandra Woosan Lady Shiva
17%
No matching quizzes found
Score Distribution
Percent of People with Each Score
Percentile by Number Answered
Your Score History
You have not taken this quiz since the last reset